Top 20 Most Famous Cities in the US - Statistics

General Stats
  • This quiz has been taken 42 times
  • The average score is 18 of 20
Answer Stats
Hint Answer % Correct
CA Los Angeles
100%
FL Miami
100%
NY New York
100%
D.C. Washington
100%
IL Chicago
98%
NV Las Vegas
98%
LA New Orleans
98%
CA San Francisco
98%
TX Houston
95%
MA Boston
90%
PA Philadelphia
90%
WA Seattle
90%
GA Atlanta
88%
HI Honolulu
85%
FL Orlando
85%
TX Austin
83%
CA San Diego
83%
TN Nashville
80%
TX San Antonio
76%
GA Savannah
61%
No matching quizzes found
Score Distribution
Percent of People with Each Score
Percentile by Number Answered
Your Score History
You have not taken this quiz